| 000 | 00722nam a2200181Ia 4500 | ||
|---|---|---|---|
| 003 | GCL | ||
| 005 | 20240530104310.0 | ||
| 008 | 140319s9999 xx 000 0 ara d | ||
| 040 |
_aGCL / _cGCL |
||
| 082 | 0 | 4 |
_a235.2/ _bم ص |
| 100 | 1 | _aمسلم، الامام ابو الحسن مسلم بن الحجاج بن مسلم بن ورد بن رشاد القشيرى النيسابورى | |
| 245 | 1 | 0 |
_aصحيح مسلم / _cابى الحسين مسلم بن الحجاج القشيرى النيسابورى |
| 260 |
_aالقاهرة : _bدار احياء الكتب العربية |
||
| 300 | _a2324 ص | ||
| 650 | 0 | 4 | _aالاحاديث النبوية |
| 700 | 1 | _aمحمد فؤاد عبدالباقى | |
| 942 |
_2ddc _cBK |
||
| 999 |
_c46292 _d46292 |
||